[Event "OP-2010-0-01182"]
[Site "Lechenicher SchachServer"]
[Date "2010.06.11"]
[Round "?"]
[White "Aljbitskij, Pavel"]
[Black "Hughes, Peter"]
[Result "1-0"]
[WhiteElo "828"]
[BlackElo "582"]
[PlyCount "45"]
[EventDate "2010.06.07"]

1. e4 e5 2. Nf3 Nc6 3. c3 Nf6 4. d4 d6 5. d5 Ne7 6. Bd3 Bg4 7. Be3 Qd7 8. Nbd2
O-O-O 9. Qb3 c6 10. c4 c5 11. Qa3 b6 12. h3 Bxf3 13. Nxf3 Ng6 14. b4 Nh5 15.
bxc5 dxc5 16. Qc3 Ngf4 17. Bf1 f5 18. Bxf4 Nxf4 19. Nxe5 Qe7 20. O-O-O g6 21.
Nc6 Qd6 22. Nxd8 Kxd8 23. Qxh8 1-0

[Event "Ljubljana"]
[Site "Ljubljana"]
[Date "2010.06.08"]
[Round "6"]
[White "Lucovnik, Tilen"]
[Black "Korosec, Stefan"]
[Result "1/2-1/2"]
[WhiteElo "1763"]
[BlackElo "1723"]
[PlyCount "46"]
[EventDate "2010.05.05"]
[EventType "tourn"]
[EventRounds "11"]
[EventCountry "SLO"]
[SourceTitle "EXT 2012"]
[Source "ChessBase"]
[SourceDate "2011.11.24"]
[SourceVersion "1"]
[SourceVersionDate "2011.11.24"]
[SourceQuality "1"]

1. e4 e5 2. Nf3 Nc6 3. c3 Nf6 4. d4 exd4 5. e5 Nd5 6. cxd4 Bb4+ 7. Bd2 Bxd2+ 8.
Nbxd2 O-O 9. Bc4 Nb6 10. O-O Nxc4 11. Nxc4 b5 12. Ncd2 Bb7 13. Qb3 a5 14. Rfe1
b4 15. Ne4 Ne7 16. Qd3 Ng6 17. g3 Qe7 18. h4 Bxe4 19. Rxe4 Rfe8 20. Rae1 c6 21.
Nd2 Nf8 22. Qf3 Ne6 23. Nc4 Rf8 1/2-1/2

[Event "Futurity 3"]
[Site "Winnipeg CAN"]
[Date "2010.06.08"]
[Round "2.5"]
[White "Babb, Jeff"]
[Black "Kaptsan, Aron"]
[Result "1-0"]
[WhiteElo "2206"]
[BlackElo "1997"]
[PlyCount "41"]
[EventDate "2010.06.01"]
[EventRounds "5"]
[EventCountry "CAN"]
[SourceTitle "OM OTB B 201907"]
[Source "Opening Master"]
[SourceDate "2019.07.06"]
[SourceVersion "2"]
[SourceVersionDate "2019.07.06"]
[SourceQuality "1"]

1. e4 e5 2. Nf3 Nc6 3. c3 Nf6 4. d4 Nxe4 5. d5 Ne7 6. Nxe5 Ng6 7. Qf3 Nf6 8.
Nxg6 hxg6 9. Bc4 d6 10. O-O Be7 11. Re1 O-O 12. Be3 Ng4 13. Bd4 Bf6 14. Nd2 Ne5
15. Qe2 Nxc4 16. Bxf6 gxf6 17. Qxc4 Bd7 18. Qd4 f5 19. Re3 c5 20. dxc6 Bxc6 21.
Rh3 1-0

[Event "June TNT"]
[Site "Winnipeg CAN"]
[Date "2010.06.08"]
[Round "2"]
[White "Wasserman, Leor"]
[Black "Swift, Ryne"]
[Result "0-1"]
[WhiteElo "1738"]
[BlackElo "1791"]
[PlyCount "112"]
[EventDate "2010.06.01"]
[EventRounds "5"]
[EventCountry "CAN"]
[SourceTitle "OM OTB B 201907"]
[Source "Opening Master"]
[SourceDate "2019.07.06"]
[SourceVersion "2"]
[SourceVersionDate "2019.07.06"]
[SourceQuality "1"]

1. e4 e5 2. Nf3 Nc6 3. c3 Nf6 4. d4 exd4 5. e5 Nd5 6. cxd4 Bb4+ 7. Bd2 Bxd2+ 8.
Nbxd2 d6 9. Bb5 O-O 10. Rc1 Bd7 11. O-O dxe5 12. Bxc6 Bxc6 13. Nxe5 Ne7 14. Nb3
Qd5 15. Nxc6 Nxc6 16. Rc5 Qd6 17. d5 Ne7 18. Qc2 Nxd5 19. Rd1 c6 20. Qc4 Rad8
21. Na5 Qe7 22. Nb3 Rfe8 23. Rf1 Nb6 24. Qg4 Rd5 25. Rc3 Rg5 26. Qh3 Nd5 27.
Rc4 Qe2 28. Rh4 h6 29. Nd4 Qxb2 30. Nf3 Rg6 31. Qd7 Rf8 32. Rh5 Nf4 33. Rf5
Rxg2+ 34. Kh1 Qe2 35. Rd1 Qxf3 36. Rxf4 Rxh2+ 37. Kxh2 Qxf4+ 38. Kg2 h5 39. Rd4
Qg5+ 40. Kf1 Qb5+ 41. Kg2 a6 42. Rd3 c5 43. Qh3 Qc6+ 44. Kg1 g6 45. Rg3 Kh7 46.
Qh4 Re8 47. f3 c4 48. Qf4 Rf8 49. Rg5 Qb6+ 50. Kg2 Qb2+ 51. Kh3 c3 52. Qe5 Qb5
53. Qf6 Qd7+ 54. Kh4 Qa4+ 55. f4 Qc2 56. Qe7 Qh2# 0-1

[Event "18. PV-10 Serv"]
[Site "BdF-Schachserver"]
[Date "2010.06.06"]
[Round "?"]
[White "Anderskewitz, Ralf"]
[Black "Wagner, Karsten"]
[Result "1-0"]
[WhiteElo "2111"]
[BlackElo "1797"]
[PlyCount "67"]
[EventDate "2010.06.21"]
[SourceTitle "OM Corr 202003"]
[Source "Opening Master"]
[SourceDate "2019.05.30"]
[SourceVersion "2"]
[SourceVersionDate "2019.05.30"]
[SourceQuality "1"]
[WhiteTeam "Germany"]
[BlackTeam "Germany"]
[WhiteTeamCountry "GER"]
[BlackTeamCountry "GER"]

1. e4 e5 2. Nf3 Nc6 3. c3 Nf6 4. d4 Nxe4 5. d5 Ne7 6. Nxe5 Ng6 7. Qf3 Nf6 8.
Nxg6 hxg6 9. Bc4 Bd6 10. Be3 a6 11. Nd2 b5 12. Bb3 Bb7 13. g4 c5 14. g5 Nh5 15.
Ne4 Qc7 16. Nxd6+ Qxd6 17. Qe4+ Kf8 18. O-O-O Re8 19. Qg4 Qc7 20. Rhe1 d6 21.
Bc2 Re5 22. f4 Rxd5 23. Bd2 Bc6 24. Qh3 b4 25. Be4 Rf5 26. Bxf5 gxf5 27. Qxf5
Bf3 28. cxb4 g6 29. Qd3 Bxd1 30. Kxd1 Ng7 31. Qxa6 Kg8 32. b5 Qd7 33. b6 Kh7
34. Qa7 1-0

[Event "18. PV-10 Serv"]
[Site "BdF-Schachserver"]
[Date "2010.06.06"]
[Round "?"]
[White "Anderskewitz, Ralf"]
[Black "Nicklich, Wolfgang"]
[Result "1/2-1/2"]
[WhiteElo "2111"]
[BlackElo "2094"]
[PlyCount "65"]
[EventDate "2010.06.21"]
[SourceTitle "OM Corr 202003"]
[Source "Opening Master"]
[SourceDate "2019.05.30"]
[SourceVersion "2"]
[SourceVersionDate "2019.05.30"]
[SourceQuality "1"]
[WhiteTeam "Germany"]
[BlackTeam "Germany"]
[WhiteTeamCountry "GER"]
[BlackTeamCountry "GER"]

1. e4 e5 2. Nf3 Nc6 3. c3 Nf6 4. d4 Nxe4 5. d5 Ne7 6. Nxe5 Ng6 7. Qf3 Nf6 8.
Nxg6 hxg6 9. Be3 Be7 10. Nd2 d6 11. h3 Bg4 12. Qf4 Bd7 13. Bc4 b5 14. Bb3 a5
15. Qd4 Ng4 16. Qxg7 Bf6 17. Qxh8+ Bxh8 18. hxg4 Be5 19. Nf3 Qf6 20. g5 Qe7 21.
O-O-O O-O-O 22. Nxe5 Qxe5 23. Rd4 Rh8 24. Rh6 Rxh6 25. gxh6 g5 26. Bc2 Bf5 27.
Bxf5+ Qxf5 28. Rd1 Qg4 29. Rh1 Qxg2 30. Rh5 Qg1+ 31. Kc2 Qg4 32. Rxg5 Qe4+ 33.
Kc1 1/2-1/2

[Event "18. PV-10 Serv"]
[Site "BdF-Schachserver"]
[Date "2010.06.06"]
[Round "?"]
[White "Anderskewitz, Ralf"]
[Black "Uecker, Dieter"]
[Result "1/2-1/2"]
[WhiteElo "2111"]
[BlackElo "2120"]
[PlyCount "35"]
[EventDate "2010.06.21"]
[SourceTitle "OM Corr 202003"]
[Source "Opening Master"]
[SourceDate "2019.05.30"]
[SourceVersion "2"]
[SourceVersionDate "2019.05.30"]
[SourceQuality "1"]
[WhiteTeam "Germany"]
[BlackTeam "Germany"]
[WhiteTeamCountry "GER"]
[BlackTeamCountry "GER"]

1. e4 e5 2. Nf3 Nc6 3. c3 Nf6 4. d4 Nxe4 5. d5 Ne7 6. Nxe5 Ng6 7. Qf3 Nf6 8.
Nxg6 hxg6 9. Be3 Be7 10. Nd2 d6 11. h3 Bg4 12. Qf4 Bd7 13. Bc4 a5 14. Qf3 Bg4
15. Qg3 Bd7 16. Qf3 Bg4 17. Qg3 Bd7 18. Qf3 1/2-1/2

[Event "23. LSS No Engine Cup Preliminary 5"]
[Site "Lechenicher SchachServer"]
[Date "2010.06.04"]
[Round "?"]
[White "Molano, Ismael"]
[Black "Tibor, Novak"]
[Result "1-0"]
[WhiteElo "1307"]
[BlackElo "638"]
[PlyCount "59"]
[EventDate "2010.06.05"]

1. e4 e5 2. Nf3 Nc6 3. c3 Nf6 4. d4 Nxe4 5. d5 Ne7 6. Nxe5 Ng6 7. Qd4 Nc5 8.
Nxg6 hxg6 9. Bf4 g5 10. Qe3+ Be7 11. Bxg5 f6 12. Bf4 b6 13. Qg3 Bd6 14. Bxd6
cxd6 15. Qxg7 Qe7+ 16. Qxe7+ Kxe7 17. b4 Ne4 18. Bd3 f5 19. c4 Ba6 20. Nd2 Nxd2
21. Kxd2 f4 22. Rae1+ Kf6 23. Re4 Kg5 24. Re7 Rhd8 25. Rf7 Rab8 26. h4+ Kh5 27.
Rh7+ Kg4 28. f3+ Kg3 29. Rg7+ Kf2 30. Rf1# 1-0

[Event "64th GK tournament"]
[Site "http://gameknot.com/chess.pl?"]
[Date "2010.06.04"]
[Round "?"]
[White "Alof"]
[Black "Morbier"]
[Result "0-1"]
[WhiteElo "2090"]
[BlackElo "2391"]
[PlyCount "72"]
[EventDate "2010.??.??"]
[SourceTitle "OM Portal C 201906"]
[Source "Opening Master"]
[SourceDate "2019.06.27"]
[SourceVersion "1"]
[SourceVersionDate "2019.06.27"]
[SourceQuality "1"]

1. e4 e5 2. Nf3 Nc6 3. c3 d5 4. Qa4 Bd7 5. exd5 Nd4 6. Qd1 Nxf3+ 7. Qxf3 Nf6 8.
Bc4 c6 9. dxc6 Bxc6 10. Qg3 Qc7 11. d3 h5 12. Bg5 h4 13. Qh3 Bd7 14. Qf3 Bc6
15. Qh3 Be7 16. Bxf6 Bxf6 17. Nd2 Bg5 18. O-O-O b5 19. Bb3 b4 20. Qg4 Bf4 21.
Kb1 bxc3 22. Qxg7 O-O-O 23. Ne4 cxb2 24. Qxf7 Qxf7 25. Bxf7 Bc1 26. Rhe1 Kc7
27. Bb3 Rh5 28. f3 h3 29. g4 Rh6 30. Bf7 Ba4 31. Rxc1+ bxc1=Q+ 32. Rxc1+ Rc6
33. Bc4 Rb8+ 34. Ka1 Bb5 35. Nd2 Bxc4 36. Nxc4 Rf8 0-1

[Event "23. LSS No Engine Cup Preliminary 5"]
[Site "Lechenicher SchachServer"]
[Date "2010.06.04"]
[Round "?"]
[White "Molano, Ismael"]
[Black "Brogioni, Maurizio"]
[Result "0-1"]
[WhiteElo "1307"]
[BlackElo "1200"]
[PlyCount "50"]
[EventDate "2010.06.05"]

1. e4 e5 2. Nf3 Nc6 3. c3 Nf6 4. d4 Nxe4 5. d5 Ne7 6. Nxe5 c6 7. Qf3 f5 8. dxc6
bxc6 9. Bd3 Qc7 10. Bf4 d6 11. Nc4 g5 12. Qh5+ Ng6 13. Bxg5 d5 14. Ne3 Rb8 15.
b3 Qf7 16. Bh6 f4 17. Bxe4 fxe3 18. Bf3 exf2+ 19. Kxf2 Bc5+ 20. Be3 Bxe3+ 21.
Kxe3 Qf4+ 22. Ke2 O-O 23. Kd1 Rb5 24. Na3 Rc5 25. Rc1 Qe3 0-1

[Event "Rhein Main op 13th"]
[Site "Bad Homburg"]
[Date "2010.06.02"]
[Round "1"]
[White "Drill, Frank"]
[Black "Tran, My Linh"]
[Result "1-0"]
[WhiteElo "2142"]
[BlackElo "1862"]
[PlyCount "45"]
[EventDate "2010.06.02"]
[EventType "swiss"]
[EventRounds "7"]
[EventCountry "GER"]
[SourceTitle "EXT 2011"]
[Source "ChessBase"]
[SourceDate "2010.11.26"]
[SourceVersion "1"]
[SourceVersionDate "2010.11.26"]
[SourceQuality "1"]

1. e4 e5 2. Nf3 Nc6 3. c3 d5 4. Qa4 Qd6 5. Bb5 Bd7 6. exd5 Qxd5 7. O-O a6 8.
Bc4 Qc5 9. d4 exd4 10. cxd4 Qf5 11. Re1+ Be7 12. d5 Na7 13. Qd1 O-O-O 14. Be3
Nb5 15. Qe2 c6 16. Nc3 Bb4 17. Bd3 Qh5 18. Bxb5 cxb5 19. Bf4 Bxc3 20. Rac1 Qxd5
21. Red1 Qf5 22. Qd2 Ne7 23. Qd6 1-0

[Event "Rhein Main op 13th"]
[Site "Bad Homburg"]
[Date "2010.06.02"]
[Round "1"]
[White "Schmid, Roland"]
[Black "Claus, Simon Martin"]
[Result "1-0"]
[WhiteElo "2191"]
[BlackElo "1840"]
[PlyCount "49"]
[EventDate "2010.06.02"]
[EventType "swiss"]
[EventRounds "7"]
[EventCountry "GER"]
[SourceTitle "EXT 2011"]
[Source "ChessBase"]
[SourceDate "2010.11.26"]
[SourceVersion "1"]
[SourceVersionDate "2010.11.26"]
[SourceQuality "1"]

1. e4 e5 2. Nf3 Nc6 3. c3 g6 4. d4 exd4 5. cxd4 Bg7 6. Nc3 d6 7. Bc4 Nf6 8. O-O
O-O 9. h3 b6 10. Qe2 Bb7 11. e5 dxe5 12. dxe5 Nd7 13. e6 Nde5 14. exf7+ Kh8 15.
Bb3 Nxf7 16. Be3 Nce5 17. Nd4 Ng5 18. f4 Nxh3+ 19. gxh3 Qh4 20. Kh2 Rae8 21.
Ne6 Bc8 22. fxe5 Rxf1 23. Rxf1 Bxe5+ 24. Bf4 Bxe6 25. Qxe5+ 1-0

[Event "Rhein Main op 13th"]
[Site "Bad Homburg"]
[Date "2010.06.02"]
[Round "1"]
[White "Matt, Fabian"]
[Black "Diener, Carolin Valeria"]
[Result "1-0"]
[WhiteElo "2053"]
[BlackElo "1208"]
[PlyCount "57"]
[EventDate "2010.06.02"]
[EventType "swiss"]
[EventRounds "7"]
[EventCountry "GER"]
[SourceTitle "EXT 2011"]
[Source "ChessBase"]
[SourceDate "2010.11.26"]
[SourceVersion "1"]
[SourceVersionDate "2010.11.26"]
[SourceQuality "1"]

1. e4 e5 2. Nf3 Nc6 3. c3 Nf6 4. d4 exd4 5. e5 Nd5 6. cxd4 Bb4+ 7. Bd2 d6 8.
Bxb4 Ndxb4 9. d5 Nxe5 10. Nxe5 dxe5 11. Qa4+ Qd7 12. Qxb4 Qxd5 13. Nc3 Qd4 14.
Qxd4 exd4 15. Nb5 Kd7 16. Nxd4 c5 17. Nb3 Kc6 18. Rc1 b6 19. Be2 Bf5 20. Bf3+
Kc7 21. Bxa8 Rxa8 22. Nxc5 Kd6 23. Nb3 Re8+ 24. Kd2 Bg4 25. Rhe1 Rd8 26. Re4
Be6 27. Nd4 Bd5 28. Nf5+ Kd7 29. Re7# 1-0

[Event "Tournament (Elo) (2)"]
[Site "Ho Chi Minh City (Vietnam)"]
[Date "2010.06.??"]
[Round "1"]
[White "Le Mai Duy"]
[Black "Nguyen Hai Dao"]
[Result "0-1"]
[WhiteElo "1575"]
[BlackElo "1997"]
[PlyCount "44"]
[EventDate "2010.??.??"]
[EventRounds "9"]
[EventCountry "VIE"]
[SourceTitle "OM OTB B 201907"]
[Source "Opening Master"]
[SourceDate "2019.07.06"]
[SourceVersion "2"]
[SourceVersionDate "2019.07.06"]
[SourceQuality "1"]

1. e4 e5 2. Nf3 Nc6 3. c3 Bc5 4. d4 exd4 5. cxd4 Bb4+ 6. Bd2 d5 7. exd5 Qxd5 8.
Be2 Bxd2+ 9. Qxd2 Nf6 10. Nc3 Qf5 11. O-O O-O 12. d5 Nb4 13. a3 Nbxd5 14. Nxd5
Nxd5 15. Nd4 Qe5 16. b4 Bf5 17. Bf3 Nf4 18. Bxb7 Rab8 19. Bf3 Bd3 20. Nc6 Qg5
21. Nxb8 Nh3+ 22. Kh1 Qxd2 0-1

[Event "Frankfurt-ch"]
[Site "Frankfurt"]
[Date "2010.05.31"]
[Round "5"]
[White "Makilla, Tobias"]
[Black "Urbach, Jens"]
[Result "1-0"]
[WhiteElo "1897"]
[BlackElo "927"]
[PlyCount "75"]
[EventDate "2010.04.26"]
[EventType "swiss"]
[EventRounds "7"]
[EventCountry "GER"]
[SourceTitle "EXT 2011"]
[Source "ChessBase"]
[SourceDate "2010.11.26"]
[SourceVersion "1"]
[SourceVersionDate "2010.11.26"]
[SourceQuality "1"]

1. e4 e5 2. Nf3 Nc6 3. c3 Bc5 4. d4 exd4 5. cxd4 Bb4+ 6. Nc3 Nf6 7. Bd3 O-O 8.
O-O d5 9. e5 Bxc3 10. bxc3 Ne4 11. Bxe4 dxe4 12. Ng5 Bf5 13. Qe2 Qd5 14. Re1 f6
15. exf6 Rxf6 16. Nxe4 Re6 17. f3 Rae8 18. Qf2 Bxe4 19. fxe4 Rxe4 20. Ba3 Rxe1+
21. Rxe1 Rxe1+ 22. Qxe1 Qf7 23. d5 Na5 24. Qe4 Qg6 25. Qxg6 hxg6 26. d6 cxd6
27. Bxd6 Nc4 28. Bc5 b6 29. Bd4 a5 30. Kf2 b5 31. Ke2 Kf7 32. Kd3 g5 33. Ke4 g6
34. Kd5 Ke7 35. Kc6 Nd6 36. Bc5 b4 37. cxb4 axb4 38. Bxb4 1-0

[Event "SE-2010-0-00048"]
[Site "Lechenicher SchachServer"]
[Date "2010.05.31"]
[Round "?"]
[White "Molano, Ismael"]
[Black "Billion, Paul"]
[Result "1-0"]
[WhiteElo "1307"]
[BlackElo "778"]
[PlyCount "51"]
[EventDate "2010.04.04"]

1. e4 e5 2. Nf3 Nc6 3. c3 Nf6 4. d4 d6 5. d5 Ne7 6. Qc2 c6 7. c4 Ng6 8. Nc3 Be7
9. Be2 O-O 10. O-O Bd7 11. h3 Qc8 12. Be3 Nf4 13. Bxf4 exf4 14. Qd2 c5 15. Qxf4
h6 16. e5 dxe5 17. Qxe5 Re8 18. Rad1 Bxh3 19. gxh3 Qxh3 20. Qg3 Qd7 21. Ne5 Qc8
22. d6 Bf8 23. d7 Nxd7 24. Nxd7 Re6 25. Bg4 Rg6 26. Ne5 1-0

[Event "BUL-chT-A (Women) 43th"]
[Site "Albena"]
[Date "2010.05.29"]
[Round "3.2"]
[White "Petkova, Veneta"]
[Black "Zaiatz, Elena"]
[Result "1/2-1/2"]
[WhiteElo "1942"]
[BlackElo "2392"]
[PlyCount "62"]
[EventDate "2010.05.27"]
[EventType "team-tourn"]
[EventRounds "7"]
[EventCountry "BUL"]
[SourceTitle "CBM 136 Extra"]
[Source "ChessBase"]
[SourceDate "2010.07.02"]
[SourceVersion "2"]
[SourceVersionDate "2010.07.15"]
[SourceQuality "1"]

1. e4 e5 2. Nf3 Nc6 3. c3 Nf6 4. d4 exd4 5. e5 Ne4 6. Qe2 f5 7. exf6 d5 8. Nbd2
Qxf6 9. Nxe4 dxe4 10. Qxe4+ Qe6 11. Bd3 dxc3 12. O-O Qxe4 13. Bxe4 Bb4 14. a3
Bd6 15. Bxc6+ bxc6 16. Re1+ Kf8 17. bxc3 Rb8 18. Ne5 Rb3 19. c4 c5 20. Bg5 Bf5
21. g4 Bxe5 22. Rxe5 Bxg4 23. Rxc5 Kf7 24. Rxc7+ Kg6 25. Be3 Bh3 26. Bxa7 Re8
27. Bd4 Re4 28. Rxg7+ Kh6 29. Bf6 Re6 30. Bd4 Re4 31. Bf6 Re6 1/2-1/2

[Event "Baden-ch Seniors"]
[Site "Haslach im Kinzigtal"]
[Date "2010.05.29"]
[Round "1"]
[White "Slager, Anton"]
[Black "Dushatskiy, Fedor"]
[Result "1/2-1/2"]
[WhiteElo "1929"]
[BlackElo "2203"]
[PlyCount "45"]
[EventDate "2010.05.29"]
[EventType "swiss"]
[EventRounds "9"]
[EventCountry "GER"]
[SourceTitle "EXT 2011"]
[Source "ChessBase"]
[SourceDate "2010.11.26"]
[SourceVersion "1"]
[SourceVersionDate "2010.11.26"]
[SourceQuality "1"]

1. e4 e5 2. Nf3 Nc6 3. c3 Nf6 4. d3 d5 5. exd5 Qxd5 6. Be2 Be7 7. O-O O-O 8. h3
h6 9. Nbd2 Bf5 10. Qb3 Rad8 11. Qxb7 Nd4 12. Nxd4 Qxb7 13. Nxf5 Rfe8 14. Nxe7+
Rxe7 15. Nb3 Nd5 16. Bf3 Qb6 17. Re1 a5 18. Nd2 a4 19. Nc4 Qf6 20. Re4 c6 21.
Bd2 Nc7 22. Be2 Nb5 23. a3 1/2-1/2

[Event "North American op 28th"]
[Site "Stillwater"]
[Date "2010.05.28"]
[Round "1"]
[White "Berry, James E"]
[Black "Anglin, Warren"]
[Result "1-0"]
[WhiteElo "2009"]
[BlackElo "1839"]
[PlyCount "47"]
[EventDate "2010.05.28"]
[EventType "swiss"]
[EventRounds "10"]
[EventCountry "USA"]
[SourceTitle "CBM 136 Extra"]
[Source "ChessBase"]
[SourceDate "2010.07.02"]
[SourceVersion "2"]
[SourceVersionDate "2010.07.15"]
[SourceQuality "1"]

1. e4 e5 2. Nf3 Nc6 3. c3 Bc5 4. d4 exd4 5. cxd4 Bb4+ 6. Nc3 Nf6 7. d5 Ne7 8.
Qd4 c5 9. Qc4 a6 10. Be2 d6 11. O-O Bd7 12. Bg5 b5 13. Qd3 Ng6 14. a3 c4 15.
Qc2 Bc5 16. e5 dxe5 17. Ne4 Be7 18. d6 Nxe4 19. dxe7 Qc8 20. Qxe4 Bf5 21. Qd5
f6 22. Be3 Nxe7 23. Qd6 Ra7 24. Bxa7 1-0

[Event "Asuncion Roggio Cup-C 3rd"]
[Site "Asuncion"]
[Date "2010.05.27"]
[Round "7"]
[White "Diaz, Fernando"]
[Black "Lipiniks, Leonardo"]
[Result "1-0"]
[WhiteElo "1999"]
[BlackElo "1870"]
[PlyCount "75"]
[EventDate "2010.05.20"]
[EventType "swiss"]
[EventRounds "9"]
[EventCountry "PAR"]
[SourceTitle "CBM 136 Extra"]
[Source "ChessBase"]
[SourceDate "2010.07.02"]
[SourceVersion "2"]
[SourceVersionDate "2010.07.15"]
[SourceQuality "1"]

1. e4 e5 2. Nf3 Nc6 3. c3 Nf6 4. d4 d6 5. Bc4 Be7 6. d5 Nb8 7. Nbd2 O-O 8. O-O
Nbd7 9. Re1 Nh5 10. Nf1 Nf4 11. Ng3 g6 12. Bf1 h5 13. Ne2 Nxe2+ 14. Qxe2 Bf6
15. Be3 Kg7 16. c4 b6 17. b4 a5 18. a3 Rh8 19. Qc2 Ba6 20. bxa5 g5 21. axb6
cxb6 22. Nd2 g4 23. f3 Bg5 24. Bf2 Qf6 25. Be2 Nc5 26. Nf1 Bh4 27. Bxh4 Qxh4
28. Ne3 Qg5 29. Nf5+ Kf6 30. f4 Qxf4 31. Rf1 Qg5 32. Nxd6+ Kg6 33. Nxf7 Qe3+
34. Kh1 Nxe4 35. Bd3 Kg7 36. Bxe4 Rac8 37. Nd6 Rcf8 38. Nf5+ 1-0

[Event "Orlova op 7th"]
[Site "Orlova"]
[Date "2010.05.26"]
[Round "6"]
[White "Szablowski, Pawel"]
[Black "Klima, Lukas"]
[Result "1-0"]
[WhiteElo "2312"]
[BlackElo "2400"]
[PlyCount "73"]
[EventDate "2010.05.22"]
[EventType "swiss"]
[EventRounds "7"]
[EventCountry "CZE"]
[SourceTitle "EXT 2012"]
[Source "ChessBase"]
[SourceDate "2011.11.24"]
[SourceVersion "1"]
[SourceVersionDate "2011.11.24"]
[SourceQuality "1"]

1. e4 e5 2. Nf3 Nc6 3. c3 d5 4. Qa4 Bd7 5. exd5 Nd4 6. Qd1 Nxf3+ 7. Qxf3 Nf6 8.
Bc4 Bd6 9. d3 Qe7 10. O-O Ng4 11. Qe2 f5 12. h3 Nf6 13. Bb3 O-O-O 14. c4 f4 15.
d4 Rhe8 16. c5 exd4 17. Qc4 Bxc5 18. Bxf4 Bf5 19. d6 Rxd6 20. Bxd6 Qxd6 21. Nd2
d3 22. Qh4 Bd4 23. Rfe1 Rd8 24. Rad1 h6 25. Nc4 Qc5 26. Ne3 Be4 27. Bc4 Bxb2
28. Be6+ Kb8 29. Nc4 g5 30. Qxh6 Bd4 31. Ne3 Qc6 32. Bb3 a5 33. Qxg5 Bc3 34.
Rf1 d2 35. Bc4 Rd6 36. Bb3 Qb6 37. Nc4 1-0

[Event "Tbilisi Cup"]
[Site "Tbilisi"]
[Date "2010.05.22"]
[Round "8"]
[White "Mammadova, Gulnar Marfat Qizi"]
[Black "Aghajanyan, Arsen"]
[Result "1-0"]
[WhiteElo "2287"]
[BlackElo "1865"]
[PlyCount "79"]
[EventDate "2010.05.15"]
[EventType "swiss"]
[EventRounds "9"]
[EventCountry "GEO"]
[SourceTitle "CBM 136 Extra"]
[Source "ChessBase"]
[SourceDate "2010.07.02"]
[SourceVersion "2"]
[SourceVersionDate "2010.07.15"]
[SourceQuality "1"]

1. e4 e5 2. Nf3 Nc6 3. c3 Nf6 4. d4 exd4 5. e5 Qe7 6. cxd4 d6 7. Bb5 d5 8. Nc3
a6 9. Be2 Ne4 10. Nxd5 Qd8 11. Nc3 Bb4 12. Bd2 Nxd2 13. Qxd2 Bg4 14. Rd1 Qd7
15. h3 Bxf3 16. Bxf3 Rd8 17. Bxc6 Qxc6 18. O-O O-O 19. a3 Bxc3 20. Qxc3 Qxc3
21. bxc3 b5 22. d5 Rfe8 23. f4 f6 24. Rfe1 Rd7 25. Rd4 Rde7 26. e6 Rd8 27. f5
Rd6 28. Rb1 g6 29. Rf1 Kg7 30. g4 c5 31. Rd2 g5 32. Kf2 Kf8 33. Ke3 h5 34. h4
Rg7 35. gxh5 gxh4 36. Rh1 Rg5 37. Rxh4 Rxf5 38. h6 Kg8 39. h7+ Kh8 40. e7 1-0

[Event "Orlova op 7th"]
[Site "Orlova"]
[Date "2010.05.22"]
[Round "1"]
[White "Reznicek, Marcel"]
[Black "Adamczyk, Martin"]
[Result "1-0"]
[WhiteElo "2053"]
[BlackElo "1250"]
[PlyCount "57"]
[EventDate "2010.05.22"]
[EventType "swiss"]
[EventRounds "7"]
[EventCountry "CZE"]
[SourceTitle "EXT 2012"]
[Source "ChessBase"]
[SourceDate "2011.11.24"]
[SourceVersion "1"]
[SourceVersionDate "2011.11.24"]
[SourceQuality "1"]

1. e4 e5 2. Nf3 Nc6 3. c3 Nf6 4. d4 exd4 5. e5 Ng4 6. cxd4 Bb4+ 7. Nc3 Bxc3+ 8.
bxc3 O-O 9. h3 Nh6 10. Bxh6 gxh6 11. Bd3 f6 12. Qc2 Qe7 13. O-O-O d6 14. exf6
Rxf6 15. Rde1 Be6 16. d5 Re8 17. dxe6 Rxe6 18. Bc4 Qf7 19. Rxe6 Rxe6 20. Bxe6
Qxe6 21. Re1 Qg6 22. Qxg6+ hxg6 23. Re8+ Kf7 24. Rc8 Ne5 25. Nxe5+ dxe5 26.
Rxc7+ Kf6 27. Rxb7 a6 28. Rb6+ Kf5 29. Rxa6 1-0

[Event "Maastricht Limburg op-B 4th"]
[Site "Maastricht"]
[Date "2010.05.21"]
[Round "1"]
[White "Broekmeulen, Joris"]
[Black "Liston, Mike"]
[Result "1/2-1/2"]
[WhiteElo "1864"]
[BlackElo "1705"]
[PlyCount "81"]
[EventDate "2010.05.21"]
[EventType "swiss"]
[EventRounds "7"]
[EventCountry "NED"]
[SourceTitle "EXT 2011"]
[Source "ChessBase"]
[SourceDate "2010.11.26"]
[SourceVersion "1"]
[SourceVersionDate "2010.11.26"]
[SourceQuality "1"]

1. e4 e5 2. Nf3 Nc6 3. c3 Nf6 4. d4 exd4 5. e5 Nd5 6. cxd4 d6 7. Bb5 Be7 8. Qc2
Bd7 9. Qe4 Nb6 10. O-O d5 11. Qe2 O-O 12. h3 a6 13. Bd3 Nb4 14. Nc3 Nxd3 15.
Qxd3 Na4 16. Re1 Nxc3 17. bxc3 Be6 18. Nh2 b6 19. f4 f5 20. a4 c5 21. Ba3 Qd7
22. Reb1 Rfb8 23. dxc5 bxc5 24. Rxb8+ Rxb8 25. Qxa6 d4 26. Qa5 d3 27. Nf3 Qd5
28. Bc1 Bd8 29. Qa6 Bb6 30. Kh2 Bc8 31. Qb5 Bd7 32. Qb2 c4 33. Kh1 Bc7 34. Qa3
Rb3 35. Qe7 Rxc3 36. Ba3 h6 37. Bd6 Bc6 38. Qf8+ Kh7 39. Qxf5+ Kg8 40. Qf8+ Kh7
41. Qf5+ 1/2-1/2

[Event "8. Stockerauer Schach-Open"]
[Site "Veranstaltungszentrum Z2000 -"]
[Date "2010.05.16"]
[Round "5"]
[White "Schmied, Josef"]
[Black "Gockner, Hans"]
[Result "1-0"]
[WhiteElo "1495"]
[BlackElo "1582"]
[PlyCount "96"]
[EventDate "2010.05.13"]
[EventRounds "5"]
[SourceTitle "OM OTB B 201907"]
[Source "Opening Master"]
[SourceDate "2019.07.06"]
[SourceVersion "2"]
[SourceVersionDate "2019.07.06"]
[SourceQuality "1"]

1. e4 e5 2. Nf3 Nc6 3. c3 d5 4. exd5 Qxd5 5. Qb3 Qd6 6. Ng5 Qg6 7. d3 Bd6 8.
Ne4 Nf6 9. Nbd2 Nxe4 10. Nxe4 Be7 11. Ng3 O-O 12. Be2 b6 13. Qd1 Ba6 14. Bf3
Rad8 15. Be4 f5 16. Bxc6 Qxc6 17. O-O Bxd3 18. Re1 Bc4 19. Qh5 Qf6 20. b3 Bf7
21. Qe2 Bd6 22. Bb2 Qg6 23. c4 Rfe8 24. Rad1 f4 25. Ne4 Rf8 26. f3 Be6 27. Rd2
Bc8 28. Red1 Bc5+ 29. Nxc5 Rxd2 30. Rxd2 bxc5 31. Ba3 Re8 32. Bxc5 Bb7 33. Qd1
h6 34. Rd8 Kh7 35. Rxe8 Qxe8 36. Qd3+ Kh8 37. Qf5 Kg8 38. h3 e4 39. fxe4 Bxe4
40. Qxf4 Qe6 41. Qf8+ Kh7 42. Bd4 Qg6 43. Qf2 a6 44. b4 Bf5 45. Kh1 Be6 46. c5
Qb1+ 47. Kh2 Qxb4 48. Qc2+ Kh8 1-0